Brown bast disease of rubber trees (Record no. 54977)

MARC details
000 -LEADER
fixed length control field 00589nam a2200181Ia 4500
100 ## - MAIN ENTRY--AUTHOR NAME
Personal name Pushpadas M V
245 #0 - TITLE STATEMENT
Title Brown bast disease of rubber trees
260 ## - PUBLICATION, DISTRIBUTION, ETC. (IMPRINT)
Name of publisher Rubber Board Bulletin
Year of publication 1995
300 ## - PHYSICAL DESCRIPTION
Number of Pages 32-34
500 ## - GENERAL NOTE
General note Source Year: 1996
520 ## - SUMMARY, ETC.
Summary, etc The symptoms, causes, mechanism and prevention/cure of brown bast [a disorder of rubber trees now known as tapping panel dryness] are discussed.
650 ## - SUBJECT ADDED ENTRY--TOPICAL TERM
Topical Term Brown bast
650 ## - SUBJECT ADDED ENTRY--TOPICAL TERM
Topical Term Hevea brasiliensis
650 ## - SUBJECT ADDED ENTRY--TOPICAL TERM
Topical Term Tapping panel dryness
856 ## - ELECTRONIC LOCATION AND ACCESS
Uniform Resource Identifier HOA
942 ## - ADDED ENTRY ELEMENTS (KOHA)
Koha item type Journals
Holdings
Withdrawn status Lost status Damaged status Not for loan Home library Current library Date acquired Serial Enumeration / chronology Koha item type
      Journals RRII Library RRII Library 17/12/2021 Volume 27, Issue 2 Journals